| 000 | 00965nam a2200301 a 4500 | ||
|---|---|---|---|
| 001 | 49738 | ||
| 003 | BD-RjUL | ||
| 005 | 20211209054724.0 | ||
| 008 | 160822s1966 enka b 001 0 eng | ||
| 035 | _a(BD-RjUL)49858 | ||
| 040 |
_aDLC _cDLC _dEQO _beng |
||
| 041 | _aeng | ||
| 082 |
_a368.22 _bCHC 1966 |
||
| 100 |
_aChalmers, Mackenzie D. _9149114 |
||
| 110 | 1 |
_aGreat Britain. _9150466 |
|
| 245 | 0 | 0 |
_aChalmers' Marine Insurance Act 1906 / _cby the late Sir Mackenzie D. Chalmers. |
| 250 | _a6th ed. | ||
| 260 |
_aLondon : _bButterworths, _c1966. |
||
| 300 |
_alx, 245 p. : _bill. ; _c22 cm. |
||
| 500 | _aFirst ed. published in 1907 under title: The marine insurance act, 1906. | ||
| 504 | _aIncludes Bibliography and index | ||
| 650 | 0 |
_aMarine insurance _9149116 |
|
| 700 | 1 |
_aIvamy, E. R. Hardy _q(Edward Richard Hardy) _9149117 |
|
| 740 | 0 | 1 | _aMarine Insurance Act 1906. |
| 942 |
_2ddc _cBK |
||
| 999 |
_c49738 _d49738 |
||